000 00628cam a2200205 4500
008 000000n1997 000 0 eng u
020 _a0419217401
035 _a(Sirsi) u106509
050 _a690.241
100 _aStratton, Michael
_xeditor
245 _aStructure and style : conserving 20th century buildings.
260 _aLondon
_bE & FN Spon
_c1997
300 _ax,230p. : ill. ; 25cm.
350 _a31.50
650 _aHISTORIC BUILDINGS
650 _aMODERN ARCHITECTURE
650 _aLISTED BUILDINGS
690 _aBUILT ENVIRONMENT-BUILDING MAINTENANCE AND REFURBISHMENT-BUILDING CONSERVATION
942 _n0
999 _c100561
_d100561